Las rac̕es arcaicas del derecho penal Aportes de la Antropologa̕ Social al Derecho Penal /

Bibliographic Details
Main Author: Hendier, Edmundo S.
Format: eBook
Language:Spanish
Published: Quito: Corporacin̤ Editoria Nacional, 1995
Subjects:
Online Access:Acceso restringido

MARC

LEADER 00000nam a22000007a 4500
005 20141021211613.0
007 cr|||| ||||
008 141021s1995 ec |||||s|||| 00||0 spa d
020 |a 9978-84-215-2 
035 |a 12485 
040 |a vLex 
090 |c 5255  |d 5255 
100 1 |a Hendier, Edmundo S. 
245 1 4 |a Las rac̕es arcaicas del derecho penal  |h [Recurso electrn̤ico] :  |b Aportes de la Antropologa̕ Social al Derecho Penal /  |c Edmundo S. Hendier 
256 |a Servicio en ln̕ea 
260 |a Quito:  |b Corporacin̤ Editoria Nacional,  |c 1995 
300 |a 1 recurso electrn̤ico 
506 1 |a Disponible solo en los productos indicados  |d vLex Global  |d vLex Global (Academic Edition, excluding Law Schools)  |d vLex Global (U.S. Academic Edition, Law Schools)  |d vLex Global (U.S. Academic Edition, excluding Law Schools)  |d vLex Global (Academic Edition, Law Schools) 
650 0 4 |a Derecho Penal  |z Ecuador 
740 0 |a vLex Libros (Servicio en ln̕ea) 
856 4 0 |u http://vlex.com/source/raices-arcaicas-derecho-penal-aportes-antropologia-social-derecho-penal-12485  |z Acceso restringido 
942 |c BOOK 
999 0 |a Criminal Law